00369nam a2200133Ia 4500008004100000020001800041041000800059082001600067100002900083245007000112260003400182300000900216500001000225220803s9999 xx 000 0 und d a9789383098255 aeng a720.954 PHA aPhatarphekar Pramila Ed. aTreasures : Chhatrapati Shivaji Maharaj Vastu Sangrahalaya Mumbai aNew DelhibNiyogi Booksc2014 a220p aARCHI